000 00921nam a2200253 a 4500
001 56358
003 BD-RjUL
005 20211209080403.0
008 161128s1959 ii ||||| |||| 00| 0 ben d
020 _c: IRs 4.00
035 _a(BD-RjUL)56482
040 _aBD-RjUL
_bben
_cBD-RjUL
041 _aben
082 _223
_a813
_bFAS 1959
100 _a ফাস্ট, হাওয়ার্ড
_9166459
245 1 0 _aশেষ সীমান্ত /
_cহাওয়ার্ড ফাস্ট
250 _aশোভন সং .
260 _aকলিকাতা :
_bসুরেন দত্ত্ব,
_c১৯৫৯ [?]
300 _a২৩৪ পৃ. ;
_c২১ সেমি .
650 _aআমেরিকান উপন্যাস
_9167672
650 _aAmerican Fictions
_9148203
700 _aসান্যাল, অবন্তী, অনুবাদ
_9167673
942 _2ddc
_cBK
999 _c56358
_d56358